World Capital Quiz - Statistics

General Stats
  • This quiz has been taken 8 times
  • The average score is 95 of 196
Answer Stats
Hint Answer % Correct
Abu Dhabi United Arab Emirates
100%
Kabul Afghanistan
75%
Algiers Algeria
75%
Andorra la Vella Andorra
75%
Buenos Aires Argentina
75%
Canberra Australia
75%
Dhaka Bangladesh
75%
Brussels Belgium
75%
La Paz/Sucre Bolivia
75%
Brasilia Brazil
75%
Beijing China
75%
Bogota Colombia
75%
Havana Cuba
75%
Copenhagen Denmark
75%
Djibouti Djibouti
75%
Cairo Egypt
75%
Addis Ababa Ethiopia
75%
Helsinki Finland
75%
Berlin Germany
75%
Athens Greece
75%
Guatemala City Guatemala
75%
Budapest Hungary
75%
Jakarta Indonesia
75%
Baghdad Iraq
75%
Dublin Ireland
75%
Jerusalem Israel
75%
Kingston Jamaica
75%
Kuwait City Kuwait
75%
Beirut Lebanon
75%
Kuala Lumpur Malaysia
75%
Kathmandu Nepal
75%
Amsterdam Netherlands
75%
Islamabad Pakistan
75%
Asuncion Paraguay
75%
Lima Peru
75%
Lisbon Portugal
75%
Doha Qatar
75%
Bucharest Romania
75%
Dakar Senegal
75%
Belgrade Serbia
75%
Freetown Sierra Leone
75%
Juba South Sudan
75%
Bern Switzerland
75%
Damascus Syria
75%
Bangkok Thailand
75%
Ashgabat Turkmenistan
75%
Kyiv Ukraine
75%
Caracas Venezuela
75%
Hanoi Vietnam
75%
Luanda Angola
50%
Saint John's Antigua and Barbuda
50%
Manama Bahrain
50%
Bridgetown Barbados
50%
Minsk Belarus
50%
Belmopan Belize
50%
Porto Nova Benin
50%
Gaborone Botswana
50%
Bandar Seri Begawan Brunei
50%
Ouagadougou Burkina Faso
50%
Gitega Burundi
50%
Phnom Penh Cambodia
50%
Ottawa Canada
50%
Praia Cape Verde
50%
N'Djamena Chad
50%
Moroni Comoros
50%
San Jose Costa Rica
50%
Nicosia Cyprus
50%
Prague Czechia
50%
Kinshasa Democratic Republic of the Congo
50%
Roseau Dominica
50%
Dili East Timor
50%
Quito Ecuador
50%
San Salvador El Salvador
50%
Asmara Eritria
50%
Mbabane Eswatini
50%
Paris France
50%
Accra Ghana
50%
Saint George's Grenada
50%
Bissau Guinea-Bissau
50%
Georgetown Guyana
50%
Port-au-Prince Haiti
50%
Reykjavik Iceland
50%
New Delhi India
50%
Rome Italy
50%
Amman Jordan
50%
Astana Kazakhstan
50%
Nairobi Kenya
50%
Pristina Kosovo
50%
Bishkek Kyrgyzstan
50%
Riga Latvia
50%
Maseru Lesotho
50%
Monrovia Liberia
50%
Luxembourg Luxembourg
50%
Antananarivo Madagascar
50%
Lilongwe Malawi
50%
Male Maldives
50%
Nouakchott Mauritania
50%
Mexico City Mexico
50%
Chisinau Moldova
50%
Monaco Monaco
50%
Podgorica Montenegro
50%
Rabat Morocco
50%
Maputo Mozambique
50%
Managua Nicaragua
50%
Niamey Niger
50%
Abuja Nigeria
50%
Pyongyang North Korea
50%
Oslo Norway
50%
Muscat Oman
50%
Panama City Panama
50%
Port Moresby Papua New Guinea
50%
Manila Philippines
50%
Brazzaville Republic of the Congo
50%
Moscow Russia
50%
Kigali Rwanda
50%
Castries Saint Lucia
50%
Kingstown Saint Vincent and the Grenadines
50%
Apia Samoa
50%
San Marino San Marino
50%
Riyadh Saudi Arabia
50%
Bratislava Slovakia
50%
Ljubljana Slovenia
50%
Mogadishu Somalia
50%
Bloemfontein/Cape Town/Pretoria South Africa
50%
Madrid Spain
50%
Khartoum Sudan
50%
Paramaribo Suriname
50%
Nassau The Bahamas
50%
Lome Togo
50%
Port of Spain Trinidad and Tobago
50%
Ankara Turkey
50%
Kampala Uganda
50%
London United Kingdom
50%
Montevideo Uruguay
50%
Harare Zimbabwe
50%
Tirana Albania
25%
Yerevan Armenia
25%
Vienna Austria
25%
Baku Azerbaijan
25%
Thimphu Bhutan
25%
Sarajevo Bosnia and Herzegovina
25%
Sofia Bulgaria
25%
Yaounde Cameroon
25%
Bangui Central African Republic
25%
Santiago Chile
25%
Zagreb Croatia
25%
Santo Domingo Dominican Republic
25%
Malabo Equatorial Guinea
25%
Tallinn Estonia
25%
Suva Fiji
25%
Libreville Gabon
25%
Banjul Gambia
25%
Tbilisi Georgia
25%
Conakry Guinea
25%
Tegucigalpa Honduras
25%
Tehran Iran
25%
Yamoussoukro Ivory Coast
25%
Tokyo Japan
25%
Vientiane Laos
25%
Tripoli Libya
25%
Vaduz Liechtenstein
25%
Vilnius Lithuania
25%
Bamako Mali
25%
Valletta Malta
25%
Majuro Marshall Islands
25%
Port Louis Mauritius
25%
Ulaanbaatar Mongolia
25%
Naypyidaw Myanmar
25%
Windhoek Namibia
25%
Yaren Nauru
25%
Wellington New Zealand
25%
Skopje North Macedonia
25%
Ngerulmud Palau
25%
Warsaw Poland
25%
Basseterre Saint Kitts and Nevis
25%
Sao Tome Sao Tome and Principe
25%
Victoria Seychelles
25%
Singapore Singapore
25%
Honiara Solomon Islands
25%
Seoul South Korea
25%
Sri Jayawardenepura Kotte Sri Lanka
25%
Stockholm Sweden
25%
Taipei Taiwan
25%
Dushanbe Tajikistan
25%
Dodoma Tanzania
25%
Nuku'alofa Tonga
25%
Tunis Tunisia
25%
Funafuti Tuvalu
25%
Washington, D.C. United States
25%
Tashkent Uzbekistan
25%
Port Vila Vanuatu
25%
Vatican City Vatican City
25%
Sana'a Yemen
25%
Lusaka Zambia
25%
Tarawa Kiribati
0%
Palikir Micronesia
0%
No matching quizzes found
Score Distribution
Percent of People with Each Score
Percentile by Number Answered
Your Score History
You have not taken this quiz